Score 0/8 Timer 02:00
0 Plays Today
Clues 4-Letter Word % Correct
Ice hockey venue / Beer source RINK 
87%
Military level / Waiter's reward RANK 
86%
What pro surfers do (2 words)►HANG  
78.6%
Actor Azaria / Cookie holder HANK 
72.7%
Gamble / Bottle top RISK 
70.6%
Ascend / Half pint RISE 
68.4%
Smart-alecky / Director's cry WISE 
58.1%
What novice surfers do (2 words)►WIPE  
49.5%

Today's Daily Dose

Remove Ads.
Support Sporcle.
Get the best of Sporcle when you Go Orange. This ad-free experience offers more features, more stats, and more fun while also helping to support Sporcle. Thank you for becoming a member.

You're not logged in!

Compare scores with friends on all Sporcle quizzes.
OR
Log In

Show Comments

Extras

Top Quizzes Today


Score Distribution

Your Account Isn't Verified!

In order to create a playlist on Sporcle, you need to verify the email address you used during registration. Go to your Sporcle Settings to finish the process.

Report this User

Report this user for behavior that violates our Community Guidelines.

Details: